| 000 | 00476cam a2200181ua 4500 | ||
|---|---|---|---|
| 020 | _c10.25 | ||
| 041 |
_amal _h |
||
| 082 |
_a330.973 _bGOP/AM |
||
| 100 | _aGopikuttan Nair, . | ||
| 245 |
_aAmerikayude sampathika charithram / _cGopikuttan Nair. _hTextual Documents |
||
| 250 |
_a1 / _b. |
||
| 260 |
_aThiruvananthapuram : _bState Instititute of Languages , _c1974. |
||
| 300 | _a368 ; . | ||
| 365 | _a10.25 | ||
| 504 | _a | ||
| 942 | _cBK | ||
| 999 |
_c6054 _d6054 |
||